Countries That Start And End In The Same Letter - Statistics

General Stats
  • This quiz has been taken 4,712 times
  • The average score is 8 of 15
Answer Stats
Hint Answer % Correct
Oceania Australia
88%
South America Argentina
76%
Europe Austria
73%
Europe Albania
68%
Africa Algeria
63%
Europe Andorra
60%
Africa Angola
59%
Asia Armenia
59%
North America Antigua and Barbuda
49%
Oceania Solomon Islands
42%
Africa Seychelles
41%
Europe Czech Republic
35%
North America Saint Kitts and Nevis
30%
Africa Central African Republic
25%
North America Saint Vincent and the Grenadines
25%
No matching quizzes found
Score Distribution
Percent of People with Each Score
Percentile by Number Answered
Your Score History
You have not taken this quiz